Business Week

Enregistré dans:
Détails bibliographiques
Format: Publication en série
Langue:anglais
Publié: New York McGraw-Hill Publ. Co. 1980
Tags: Ajouter un tag
Pas de tags, Soyez le premier à ajouter un tag!

MARC

LEADER 00000nas2a2200000 4500
001 0008794
005 20250730114237.0
041 0 |a eng 
044 |a US 
245 1 0 |a Business Week 
264 1 |a New York  |b McGraw-Hill Publ. Co.  |c 1980 
300 |a 2 zv. 
773 0 |w eu_un_cat*s120097